[Event "Bodensee Seniors op"]
[Site "Bregenz"]
[Date "2023.05.14"]
[Round "2"]
[White "Injac, Petar"]
[Black "Gneiss, Karl"]
[Result "0-1"]
[WhiteElo "1843"]
[BlackElo "2050"]
[PlyCount "122"]
[EventDate "2023.05.13"]
[EventType "swiss"]
[EventRounds "7"]
[EventCountry "AUT"]
[SourceTitle "CBM 214 Extra"]
[Source "ChessBase"]
[SourceDate "2023.07.31"]
[SourceVersion "1"]
[SourceVersionDate "2023.07.31"]
[SourceQuality "1"]

1. d4 d5 2. Nf3 Nf6 3. Bf4 e6 4. e3 Bd6 5. c3 c5 6. Bb5+ Nc6 7. Ne5 Qc7 8. Qa4 Bd7 9. Bxc6 Bxc6 10. Nxc6 bxc6 11. Bxd6 Qxd6 12. Qa3 Nd7 13. Nd2 Ke7 14. 0-0 Rhb8 15. Rab1 Rb7 16. Qa4 Rab8 17. Qc2 g6 18. b3 cxd4 19. exd4 c5 20. dxc5 Qxc5 21. Rbc1 Rc7 22. Qb2 Ne5 23. Qb1 Rbc8 24. c4 Qb4 25. cxd5 exd5 26. Rxc7+ Rxc7 27. Re1 Qxd2 28. Rxe5+ Kf8 29. Re1 Rc2 30. Rf1 Rxa2 31. h3 d4 32. Qe4 d3 33. Qd4 Qe2 34. Qb4+ Kg8 35. Qe1 Qxe1 36. Rxe1 Rb2 37. Re8+ Kg7 38. Rd8 Rxb3 39. Kh2 a5 40. Rd4 Kf6 41. f4 h5 42. Kg3 d2+ 43. Kf2 Rb2 44. Ke3 h4 45. Ke2 d1Q+ 46. Kxd1 Rxg2 47. Ra4 Kf5 48. Ke1 Rg3 49. Kf2 Rxh3 50. Kg2 Re3 51. Kf2 Re4 52. Rxa5+ Kxf4 53. Kg2 g5 54. Ra2 f5 55. Rf2+ Kg4 56. Kh2 f4 57. Rg2+ Kf5 58. Ra2 f3 59. Kh3 Rf4 60. Rb2 f2 61. Rxf2 g4+ 0-1

[Event "Deizisau Autumn op 14th"]
[Site "Deizisau"]
[Date "2019.10.25"]
[Round "1"]
[White "Injac, Petar"]
[Black "Hoffmann, Achim Gunter"]
[Result "0-1"]
[WhiteElo "1884"]
[BlackElo "2125"]
[PlyCount "52"]
[EventDate "2019.10.25"]
[EventType "swiss"]
[EventRounds "7"]
[EventCountry "GER"]
[SourceTitle "CBM 192 Extra"]
[Source "Chessbase"]
[SourceDate "2019.11.06"]
[SourceVersion "1"]
[SourceVersionDate "2019.11.06"]
[SourceQuality "1"]

1. d4 e6 2. e3 b6 3. Nf3 Bb7 4. Bd3 f5 5. b3 Nf6 6. Bb2 Bb4+ 7. c3 Bd6 8. Nbd2 0-0 9. Nc4 Ne4 10. Nxd6 cxd6 11. 0-0 Nc6 12. a4 a5 13. Rc1 Rf6 14. Bxe4 fxe4 15. Ba3 exf3 16. Bxd6 Ne7 17. Qd3 Nf5 18. Be5 Rg6 19. e4 Rxg2+ 20. Kh1 d6 21. Bg3 Nh4 22. Rfe1 Qg5 23. Qe3 Qg4 24. Rc2 Qh3 25. Qg5 Rxh2+ 26. Bxh2 Qg2+ 0-1

[Event "Bodensee op Seniors 4th"]
[Site "Bregenz"]
[Date "2018.05.10"]
[Round "5"]
[White "Bauder, Herbert"]
[Black "Injac, Petar"]
[Result "1/2-1/2"]
[WhiteElo "1889"]
[BlackElo "1860"]
[PlyCount "119"]
[EventDate "2018.05.06"]
[EventType "swiss"]
[EventRounds "7"]
[EventCountry "AUT"]
[SourceTitle "CBM 184 Extra"]
[Source "ChessBase"]
[SourceDate "2018.06.28"]
[SourceVersion "1"]
[SourceVersionDate "2018.06.28"]
[SourceQuality "1"]

1. d4 f5 2. Nf3 e6 3. g3 Nf6 4. Bg2 Nc6 5. 0-0 d5 6. c4 Bd6 7. c5 Be7 8. Bf4 0-0 9. Nc3 a6 10. a3 h6 11. Ne5 Nxe5 12. Bxe5 Ng4 13. Bf4 g5 14. Bd2 c6 15. Na4 Rf7 16. e3 Nf6 17. f3 Qf8 18. Rc1 Qg7 19. b4 Bd7 20. Nc3 Raf8 21. Qe2 Nh7 22. f4 Rf6 23. Kh1 h5 24. Rg1 g4 25. Be1 Rh6 26. Bf1 Kf7 27. a4 Rh8 28. Rc2 Nf8 29. b5 axb5 30. axb5 Ng6 31. h4 gxh3 32. Bxh3 Nf8 33. b6 Nh7 34. Ra2 Nf6 35. Rg2 Ng4 36. Kg1 Bf6 37. Nd1 h4 38. Bxg4 hxg3 39. Bxg3 fxg4 40. Nf2 Rg6 41. Nd3 Ke7 42. Ne5 Bxe5 43. fxe5 Qh7 44. Rh2 Rh6 45. Rxh6 Qxh6 46. Bf4 Qg6 47. Qc2 Kf7 48. Qxg6+ Kxg6 49. Ra7 Rb8 50. Kg2 Kh5 51. Kg3 Be8 52. Ra1 Kg6 53. Kxg4 Kg7 54. Rh1 Bg6 55. Bg5 Be4 56. Bf6+ Kg6 57. Rh8 Rxh8 58. Bxh8 Bd3 59. Bf6 Be2+ 60. Kf4 1/2-1/2

[Event "Bodensee op Seniors 4th"]
[Site "Bregenz"]
[Date "2018.05.08"]
[Round "3"]
[White "Injac, Petar"]
[Black "Kock, Hans Uwe"]
[Result "1-0"]
[WhiteElo "1860"]
[BlackElo "1967"]
[PlyCount "49"]
[EventDate "2018.05.06"]
[EventType "swiss"]
[EventRounds "7"]
[EventCountry "AUT"]
[SourceTitle "CBM 184 Extra"]
[Source "ChessBase"]
[SourceDate "2018.06.28"]
[SourceVersion "1"]
[SourceVersionDate "2018.06.28"]
[SourceQuality "1"]

1. d4 Nf6 2. Bg5 d6 3. e3 Nbd7 4. Bd3 g6 5. c3 Bg7 6. f4 c5 7. Nf3 Qc7 8. Nbd2 0-0 9. 0-0 Re8 10. Rc1 a6 11. Qe1 b5 12. Qh4 Bb7 13. e4 cxd4 14. cxd4 Qb6 15. Kh1 Rac8 16. Rce1 Nf8 17. f5 gxf5 18. exf5 Bd5 19. Bh6 Bxh6 20. Qxh6 Kh8 21. Qh4 Qb7 22. g4 Ng8 23. g5 e6 24. Qf4 Rcd8 25. f6 1-0

[Event "Bodensee op Seniors 4th"]
[Site "Bregenz"]
[Date "2018.05.06"]
[Round "1"]
[White "Injac, Petar"]
[Black "Dobosz, Henryk"]
[Result "0-1"]
[WhiteElo "1860"]
[BlackElo "2400"]
[PlyCount "64"]
[EventDate "2018.05.06"]
[EventType "swiss"]
[EventRounds "7"]
[EventCountry "AUT"]
[SourceTitle "CBM 184 Extra"]
[Source "ChessBase"]
[SourceDate "2018.06.28"]
[SourceVersion "1"]
[SourceVersionDate "2018.06.28"]
[SourceQuality "1"]

1. d4 d6 2. Bg5 g6 3. c3 Bg7 4. e4 Nf6 5. Nd2 h6 6. Bh4 0-0 7. Bd3 c5 8. dxc5 dxc5 9. Qc2 Nc6 10. Ngf3 Nh5 11. Bg3 e5 12. Nc4 Nf4 13. 0-0-0 Qc7 14. Bxf4 exf4 15. g3 b5 16. Na3 a6 17. Be2 Be6 18. b3 b4 19. Nb1 bxc3 20. Nxc3 Nb4 21. Qb1 Bxc3 22. a3 Nc6 23. Rd5 Qa5 24. Kc2 Bxd5 25. exd5 Nd4+ 26. Nxd4 Bxd4 27. Kd1 Rab8 28. Bc4 Qc3 29. Qe4 Rfe8 30. Qxf4 Rxb3 31. Bxb3 Qxb3+ 32. Kd2 Bc3+ 0-1

[Event "Bodensee op"]
[Site "Bregenz"]
[Date "2018.05.05"]
[Round "1"]
[White "Pruijssers, Roeland"]
[Black "Injac, Petar"]
[Result "1-0"]
[WhiteElo "2519"]
[BlackElo "1860"]
[PlyCount "61"]
[EventDate "2018.05.05"]
[EventType "swiss"]
[EventRounds "9"]
[EventCountry "AUT"]
[SourceTitle "CBM 184 Extra"]
[Source "ChessBase"]
[SourceDate "2018.06.28"]
[SourceVersion "1"]
[SourceVersionDate "2018.06.28"]
[SourceQuality "1"]

1. e4 d6 2. d4 c6 3. Nc3 g6 4. f4 Qc7 5. Nf3 Bg7 6. Be3 Bg4 7. h3 Bxf3 8. Qxf3 e6 9. 0-0-0 Ne7 10. Bd3 d5 11. e5 a5 12. g4 Na6 13. f5 Nc8 14. h4 Nb4 15. h5 Nxd3+ 16. cxd3 gxf5 17. gxf5 Qd7 18. Rhg1 Bf8 19. fxe6 Qxe6 20. Rdf1 Nb6 21. Rg5 Rc8 22. Rf5 Be7 23. Rxf7 Nd7 24. Ne2 c5 25. Kb1 cxd4 26. Nxd4 Qxe5 27. Nf5 Bc5 28. Bxc5 Rxc5 29. d4 Qh2 30. Qe3+ Ne5 31. Nd6+ 1-0

[Event "Deizisau op 10th"]
[Site "Deizisau"]
[Date "2015.10.30"]
[Round "1"]
[White "Injac, Petar"]
[Black "Wenninger, Philipp"]
[Result "0-1"]
[WhiteElo "1963"]
[BlackElo "2296"]
[PlyCount "94"]
[EventDate "2015.10.30"]
[EventType "swiss"]
[EventRounds "7"]
[EventCountry "GER"]
[SourceTitle "CBM 169 Extra"]
[Source "ChessBase"]
[SourceDate "2015.12.18"]
[SourceVersion "1"]
[SourceVersionDate "2015.12.18"]
[SourceQuality "1"]

1. d4 d5 2. Nf3 Nf6 3. c3 c5 4. e3 cxd4 5. exd4 Nc6 6. Bf4 g6 7. Nbd2 Bg7 8. Bd3 0-0 9. Qc2 Bd7 10. Ne5 Nh5 11. Nxc6 bxc6 12. Be3 Qc7 13. g3 c5 14. 0-0 cxd4 15. cxd4 Qb6 16. Nf3 Rfc8 17. Qd2 Nf6 18. Ne5 Bh3 19. Rfc1 Ng4 20. Nxg4 Bxg4 21. Bf1 Bd7 22. Bg2 e6 23. Bf1 h5 24. Rab1 a5 25. b3 Bf6 26. Kg2 Bc6 27. f3 Bb7 28. b4 Rxc1 29. Qxc1 axb4 30. Qd2 Be7 31. Rb2 Ra3 32. Bd3 Ba6 33. Bxa6 Qxa6 34. Qf2 Qc4 35. Qd2 Rc3 36. Kf2 Bf6 37. Kg2 Rxe3 38. Qxe3 Bxd4 39. Qe2 Bxb2 40. Qxb2 Qc3 41. Qe2 d4 42. Qe5 d3 43. Qd6 d2 44. Kh3 Kg7 45. f4 Qc2 46. Qd4+ Kh7 47. Qd7 Qf5+ 0-1

[Event "Deizisau op 9th"]
[Site "Deizisau"]
[Date "2014.10.24"]
[Round "1"]
[White "Injac, Petar"]
[Black "Zeller, Frank"]
[Result "0-1"]
[WhiteElo "1910"]
[BlackElo "2445"]
[PlyCount "58"]
[EventDate "2014.10.24"]
[EventType "swiss"]
[EventRounds "7"]
[EventCountry "GER"]
[SourceTitle "EXT 2015"]
[Source "ChessBase"]
[SourceDate "2014.11.20"]
[SourceVersion "1"]
[SourceVersionDate "2014.11.20"]
[SourceQuality "1"]

1. d4 Nf6 2. Bf4 c5 3. Nf3 cxd4 4. Nxd4 e5 5. Bxe5 Qa5+ 6. c3 Qxe5 7. Nd2 Nc6 8. N2f3 Qa5 9. e3 d5 10. Be2 Be7 11. 0-0 0-0 12. Qc2 Rd8 13. Bd3 g6 14. Ng5 Ng4 15. Ngf3 Nge5 16. h3 Nxd3 17. Qxd3 Bf6 18. Rfe1 Qb6 19. Qd2 Bd7 20. Rac1 Rac8 21. Re2 Qa6 22. Ra1 h5 23. Qe1 Re8 24. Rd2 Na5 25. Nb3 Nc4 26. Rxd5 Be6 27. Nc5 Qc6 28. Nxe6 Qxd5 29. Ned4 Nxb2 0-1

[Event "Wuerttemberg-ch Seniors op 25th"]
[Site "Freudenstadt"]
[Date "2013.07.06"]
[Round "8"]
[White "Injac, Petar"]
[Black "Schmieder, Siegfried"]
[Result "1-0"]
[WhiteElo "1933"]
[BlackElo "2063"]
[PlyCount "73"]
[EventDate "2013.07.06"]
[EventType "swiss"]
[EventRounds "9"]
[EventCountry "GER"]
[SourceTitle "EXT 2019"]
[Source "ChessBase"]
[SourceDate "2018.10.10"]
[SourceVersion "1"]
[SourceVersionDate "2018.10.10"]
[SourceQuality "1"]

1. d4 f5 2. Bg5 g6 3. e3 Bg7 4. Nd2 h6 5. Bh4 c5 6. c3 b6 7. dxc5 bxc5 8. Nc4 Nf6 9. Nf3 Qc7 10. Bg3 d6 11. Be2 Ne4 12. Qc2 Nd7 13. Nh4 Nf8 14. Bf3 Bb7 15. 0-0 Qd7 16. Rad1 g5 17. Bh5+ Kd8 18. Nf3 Nxg3 19. hxg3 Ba6 20. Nfe5 Qe6 21. Nf7+ Kc7 22. Ncxd6 Bxf1 23. Kxf1 exd6 24. Rxd6 Qxd6 25. Nxd6 Kxd6 26. Qxf5 Ne6 27. Bf7 Rhe8 28. Qg6 Re7 29. Bxe6 Rxe6 30. Qxg7 a5 31. Qb7 Rd8 32. Ke2 Rd7 33. Qb6+ Ke7 34. Qxa5 Red6 35. Qxc5 Kf7 36. Qf5+ Kg7 37. Qc2 1-0

[Event "Wuerttemberg-ch Seniors op 25th"]
[Site "Freudenstadt"]
[Date "2013.07.06"]
[Round "5"]
[White "Kaufmann, Helmut"]
[Black "Injac, Petar"]
[Result "0-1"]
[WhiteElo "2010"]
[BlackElo "1933"]
[PlyCount "52"]
[EventDate "2013.07.06"]
[EventType "swiss"]
[EventRounds "9"]
[EventCountry "GER"]
[SourceTitle "EXT 2019"]
[Source "ChessBase"]
[SourceDate "2018.10.10"]
[SourceVersion "1"]
[SourceVersionDate "2018.10.10"]
[SourceQuality "1"]

1. d4 c6 2. Nd2 Qc7 3. g3 d6 4. Bg2 f5 5. e3 Nf6 6. Ne2 e5 7. dxe5 dxe5 8. b3 Be6 9. Bb2 Nbd7 10. 0-0 Bc5 11. Nc3 e4 12. Ne2 0-0-0 13. Nd4 Rhe8 14. Qe2 Nb6 15. Rfd1 Bd7 16. Bh3 f4 17. Bxd7+ Qxd7 18. gxf4 Nbd5 19. c3 g5 20. fxg5 Rg8 21. Kf1 Rxg5 22. Ke1 Rg2 23. Rdb1 Bxd4 24. cxd4 Nb4 25. Kd1 Nd3 26. Kc2 Rxf2 0-1

[Event "Augsburg Afro op-A 18th"]
[Site "Augsburg"]
[Date "2011.08.06"]
[Round "6"]
[White "Injac, Petar"]
[Black "Ott, Ian"]
[Result "0-1"]
[WhiteElo "1950"]
[BlackElo "1824"]
[PlyCount "106"]
[EventDate "2011.08.04"]
[EventType "swiss"]
[EventRounds "7"]
[EventCountry "GER"]
[SourceTitle "EXT 2015"]
[Source "ChessBase"]
[SourceDate "2014.11.20"]
[SourceVersion "1"]
[SourceVersionDate "2014.11.20"]
[SourceQuality "1"]

1. d4 d5 2. Bf4 Nf6 3. Nf3 Bf5 4. Nbd2 h6 5. e3 e6 6. h3 c5 7. c3 a6 8. Be2 Be7 9. Ne5 0-0 10. 0-0 Nbd7 11. f3 Bh7 12. g4 g5 13. Bg3 Ne8 14. f4 f5 15. Ndf3 c4 16. Kh2 Nd6 17. Qe1 Ne4 18. Rg1 Kh8 19. Nxd7 Qxd7 20. Ne5 Qe8 21. Bf3 Bf6 22. Bxe4 Bxe5 23. Bxd5 exd5 24. dxe5 fxg4 25. hxg4 h5 26. Qd1 h4 27. Bf2 Be4 28. Qd2 Qf7 29. f5 Qc7 30. Qd4 Rfe8 31. Kh3 Qxe5 32. Rge1 b5 33. Bg1 Kg8 34. Bh2 Qxd4 35. exd4 Kf7 36. Be5 Re7 37. Re3 Rb7 38. a3 a5 39. Kh2 Ra6 40. Kg1 Rab6 41. Kf2 b4 42. cxb4 axb4 43. Rxe4 dxe4 44. Ke3 bxa3 45. Rxa3 Rb3+ 46. Kxe4 Rxa3 47. bxa3 Rb3 48. a4 h3 49. d5 Ra3 50. d6 Ra2 51. Kd5 c3 52. d7 Rd2+ 53. Kc4 c2 0-1

[Event "Augsburg Afro op-A 18th"]
[Site "Augsburg"]
[Date "2011.08.04"]
[Round "2"]
[White "Injac, Petar"]
[Black "Kleuster, Anton"]
[Result "1-0"]
[WhiteElo "1950"]
[BlackElo "1748"]
[PlyCount "89"]
[EventDate "2011.08.04"]
[EventType "swiss"]
[EventRounds "7"]
[EventCountry "GER"]
[SourceTitle "EXT 2015"]
[Source "ChessBase"]
[SourceDate "2014.11.20"]
[SourceVersion "1"]
[SourceVersionDate "2014.11.20"]
[SourceQuality "1"]

1. d4 f5 2. Bg5 Nf6 3. Nd2 d5 4. e3 c6 5. Bd3 Na6 6. c3 Nc7 7. Ngf3 Ne4 8. Bh4 g6 9. Ne5 Bg7 10. Nb3 Ne6 11. Bg3 Qb6 12. Bxe4 fxe4 13. Qc2 0-0 14. h4 Rf5 15. Bh2 Rh5 16. Bg3 Bf6 17. 0-0-0 a5 18. Nd2 a4 19. f3 Ng7 20. fxe4 dxe4 21. Qxe4 Bf5 22. Qf3 Be6 23. a3 Qb5 24. Qf1 Qa5 25. e4 Rf8 26. Nef3 Ne8 27. Qe2 Bg4 28. Qd3 Rb5 29. Rde1 Nc7 30. Nc4 Qa7 31. Bxc7 b6 32. Be5 Rb3 33. Bxf6 exf6 34. Ne3 Be6 35. h5 Qe7 36. hxg6 hxg6 37. d5 Rd8 38. Nd4 Rxa3 39. bxa3 Qxa3+ 40. Kd2 Bf7 41. Nec2 Qc5 42. Qh3 Kf8 43. Qh8+ Ke7 44. Nxc6+ Qxc6 45. Qxd8+ 1-0

[Event "Augsburg Afro op-A 18th"]
[Site "Augsburg"]
[Date "2011.08.04"]
[Round "1"]
[White "Nabavi, Parwis"]
[Black "Injac, Petar"]
[Result "1-0"]
[WhiteElo "2202"]
[BlackElo "1950"]
[PlyCount "83"]
[EventDate "2011.08.04"]
[EventType "swiss"]
[EventRounds "7"]
[EventCountry "GER"]
[SourceTitle "EXT 2015"]
[Source "ChessBase"]
[SourceDate "2014.11.20"]
[SourceVersion "1"]
[SourceVersionDate "2014.11.20"]
[SourceQuality "1"]

1. d4 d6 2. e4 c6 3. f4 h6 4. Nc3 d5 5. e5 Bf5 6. g4 Bh7 7. Nf3 e6 8. Be3 Bb4 9. a3 Be7 10. Be2 Nd7 11. Qd2 b5 12. 0-0 Bg6 13. Ne1 f5 14. Bd3 Bf7 15. gxf5 exf5 16. Bxf5 Nf8 17. Nd3 g5 18. Bh3 Qb6 19. Rae1 Bh5 20. Ne2 g4 21. Bg2 Bh4 22. Ng3 Bxg3 23. hxg3 Ne7 24. f5 0-0-0 25. Nc5 Nd7 26. Ne6 Rdg8 27. f6 Bf7 28. Nf4 Nf5 29. Bf2 Be8 30. Qd3 Rg5 31. Ne6 Rh5 32. b4 Rg8 33. Re2 Bg6 34. Qc3 Kb7 35. Nf4 Rg5 36. Nxd5 Qd8 37. Nf4 Nb8 38. d5 Qc8 39. Qc5 Qc7 40. dxc6+ Ka6 41. a4 Nd6 42. axb5+ 1-0

[Event "Staufer op 20th"]
[Site "Schwaebisch Gmuend"]
[Date "2008.01.03"]
[Round "4"]
[White "Metz, Hartmut"]
[Black "Injac, Petar"]
[Result "1-0"]
[WhiteElo "2335"]
[BlackElo "2063"]
[PlyCount "73"]
[EventDate "2008.01.02"]
[EventType "swiss"]
[EventRounds "9"]
[EventCountry "GER"]
[SourceTitle "CBM 122 Extra"]
[Source "ChessBase"]
[SourceDate "2008.03.04"]
[SourceVersion "1"]
[SourceVersionDate "2008.03.04"]
[SourceQuality "1"]

1. e4 d6 2. d4 c6 3. Nf3 Bg4 4. h3 Bh5 5. Nc3 Nd7 6. g4 Bg6 7. Nh4 e5 8. Nxg6 hxg6 9. Bg2 g5 10. Be3 f6 11. Qd2 Ne7 12. h4 Rxh4 13. Rxh4 gxh4 14. g5 Qa5 15. dxe5 dxe5 16. 0-0-0 Qc7 17. Bh3 Nb6 18. gxf6 gxf6 19. Qe2 Nec8 20. Qh5+ Qf7 21. Rd8+ Ke7 22. Bc5+ Kxd8 23. Qxf7 Bxc5 24. Qxf6+ Ne7 25. Qxe5 Bxf2 26. Qd6+ Ke8 27. Bg4 Be3+ 28. Kb1 Nbc8 29. Bh5+ Kf8 30. Qf6+ Kg8 31. Bf7+ Kh7 32. e5 h3 33. Qh4+ Bh6 34. Qxh3 Kg7 35. Be6 Nb6 36. Qg4+ Kf8 37. Qh5 1-0

[Event "Boeblingen op 24th"]
[Site "Boeblingen"]
[Date "2007.12.27"]
[Round "2"]
[White "Hirneise, Tobias"]
[Black "Injac, Petar"]
[Result "1-0"]
[WhiteElo "2287"]
[BlackElo "2063"]
[PlyCount "71"]
[EventDate "2007.12.26"]
[EventType "swiss"]
[EventRounds "9"]
[EventCountry "GER"]
[SourceTitle "CBM 122 Extra"]
[Source "ChessBase"]
[SourceDate "2008.03.04"]
[SourceVersion "1"]
[SourceVersionDate "2008.03.04"]
[SourceQuality "1"]

1. e4 c6 2. d4 d6 3. Nc3 Qc7 4. a4 e5 5. Nge2 Bg4 6. h3 Bh5 7. Be3 Nd7 8. Qd2 f6 9. Ng3 Bf7 10. Be2 Ne7 11. 0-0 h5 12. f4 h4 13. Nh1 exf4 14. Bxf4 Ng6 15. Bh2 0-0-0 16. a5 Kb8 17. b4 a6 18. Na4 Ne7 19. c4 Nc8 20. b5 Ka8 21. bxa6 bxa6 22. c5 Qa7 23. Rfb1 Nb8 24. Nb6+ Nxb6 25. axb6 Qb7 26. Bxa6 Qxa6 27. b7+ Ka7 28. Rxa6+ Nxa6 29. Qa5 Be7 30. Qb6+ Kb8 31. Qxa6 Bg6 32. Qa8+ Kc7 33. Bxd6+ Bxd6 34. cxd6+ Kxd6 35. b8B+ Ke7 36. Rb7+ 1-0

[Event "Boeblingen op 18th"]
[Site "Boeblingen"]
[Date "2001.12.27"]
[Round "2"]
[White "Injac, Petar"]
[Black "Schaefer, Ronald"]
[Result "1-0"]
[WhiteElo "2027"]
[BlackElo "2215"]
[PlyCount "91"]
[EventDate "2001.12.26"]
[EventType "swiss"]
[EventRounds "9"]
[EventCountry "GER"]
[SourceTitle "EXT 2005"]
[Source "ChessBase"]
[SourceDate "2004.11.15"]
[SourceVersion "1"]
[SourceVersionDate "2004.11.15"]
[SourceQuality "1"]

1. d4 Nf6 2. c3 b6 3. f3 e6 4. Bg5 Ba6 5. Nd2 d5 6. Nh3 Be7 7. e4 Bxf1 8. Rxf1 c5 9. e5 Nfd7 10. f4 cxd4 11. cxd4 Nc6 12. Nf3 f6 13. Bh4 Bb4+ 14. Kf2 b5 15. Kg1 Qb6 16. Bf2 0-0 17. Rc1 Rac8 18. f5 Na5 19. Qd3 a6 20. fxe6 Qxe6 21. Nf4 Qg4 22. Nxd5 fxe5 23. h3 Qe6 24. Nxb4 e4 25. Ng5 Qf5 26. Nxe4 Rxc1 27. Rxc1 Nc4 28. Rxc4 bxc4 29. Qxc4+ Kh8 30. Qd5 Qf4 31. Nd3 Qc7 32. Bg3 Qc2 33. Ndf2 Nf6 34. Nxf6 gxf6 35. Ne4 Qxb2 36. Nxf6 Rxf6 37. Be5 Qf2+ 38. Kh2 Kg7 39. Qd8 Kf7 40. Qxf6+ Qxf6 41. Bxf6 Kxf6 42. Kg3 Ke6 43. Kf3 Kd5 44. Ke3 Kc4 45. Ke4 a5 46. d5 1-0

[Event "Staufer op 13th"]
[Site "Schwaebisch Gmuend"]
[Date "2001.??.??"]
[Round "2"]
[White "Injac, Petar"]
[Black "Lobzhanidze, Davit"]
[Result "0-1"]
[WhiteElo "2035"]
[BlackElo "2512"]
[PlyCount "76"]
[EventDate "2001.01.??"]
[EventType "swiss"]
[EventRounds "9"]
[EventCountry "GER"]
[SourceTitle "CBM 080 Extra"]
[Source "ChessBase"]
[SourceDate "2001.03.08"]
[SourceVersion "1"]
[SourceVersionDate "2001.03.08"]
[SourceQuality "1"]

1. d4 d5 2. Bg5 Nd7 3. e3 Ngf6 4. Nf3 e6 5. Bd3 c5 6. c3 Be7 7. Nbd2 b6 8. 0-0 Bb7 9. h3 h6 10. Bf4 0-0 11. Rc1 Ne4 12. Ne1 Bf6 13. Ndf3 g5 14. Bh2 Bg7 15. Kh1 f5 16. Bxe4 fxe4 17. Nd2 Ba6 18. c4 cxd4 19. exd4 Bxd4 20. f4 Bxb2 21. Rc2 Bg7 22. cxd5 exd5 23. Qg4 Bxf1 24. Nxf1 Nc5 25. Ne3 d4 26. Nf5 Qf6 27. Nxg7 Qxg7 28. Rc4 gxf4 29. Qh4 Qg5 30. Qf2 d3 31. h4 Qg4 32. Rd4 e3 33. Qxe3 fxe3 34. Rxg4+ Kh7 35. Be5 Rf7 36. Nf3 d2 37. Rd4 Rxf3 38. gxf3 e2 0-1